000 00504nam a2200217Ia 4500
003 OSt
005 20220923225952.0
006 a|||||r|||| 00| 0
007 ta
008 Pun
024 _a276,429
037 _cTextual
040 _aARTS
_cARTS
_bPun
041 _2Pun
_aPun
082 _aO153,2NBA,JA, J4
245 0 _aਜਗੀਰਦਾਰ
260 _c1954
650 _aਪੰਜਾਬੀ ਸਾਹਿਤ
942 _hO153,2NBA,JA, J4
_cTEXL
_2CC
999 _c381690
_d381690